<?xml version="1.0" encoding="UTF-8"?>
<record
    xmlns:xsi="http://www.w3.org/2001/XMLSchema-instance"
    xsi:schemaLocation="http://www.loc.gov/MARC21/slim http://www.loc.gov/standards/marcxml/schema/MARC21slim.xsd"
    xmlns="http://www.loc.gov/MARC21/slim">

  <leader>01137nam a22002657a 4500</leader>
  <controlfield tag="003">NALT</controlfield>
  <controlfield tag="005">20260311133502.0</controlfield>
  <controlfield tag="008">      s2558    th                  tha d</controlfield>
  <datafield tag="020" ind1=" " ind2=" ">
    <subfield code="a">9786160427628</subfield>
  </datafield>
  <datafield tag="040" ind1=" " ind2=" ">
    <subfield code="a">NALT</subfield>
  </datafield>
  <datafield tag="041" ind1="1" ind2=" ">
    <subfield code="a">tha</subfield>
    <subfield code="h">eng</subfield>
  </datafield>
  <datafield tag="050" ind1=" " ind2=" ">
    <subfield code="a">BT 736.15 </subfield>
    <subfield code="b">&#xE27;889&#xE22; 2558</subfield>
  </datafield>
  <datafield tag="100" ind1="1" ind2=" ">
    <subfield code="a">&#xE27;&#xE39;&#xE22;&#xE34;&#xE0A;&#xE34;&#xE0A;, &#xE19;&#xE34;&#xE01;</subfield>
    <subfield code="9">36767</subfield>
  </datafield>
  <datafield tag="245" ind1="1" ind2="0">
    <subfield code="a">&#xE22;&#xE37;&#xE19;&#xE2B;&#xE22;&#xE31;&#xE14;&#xE40;&#xE02;&#xE49;&#xE21;&#xE41;&#xE02;&#xE47;&#xE07; = </subfield>
    <subfield code="b">Stand strong /</subfield>
    <subfield code="c">Nick Vujicic, &#xE40;&#xE02;&#xE35;&#xE22;&#xE19; ; &#xE1E;&#xE25;&#xE2D;&#xE22;&#xE41;&#xE2A;&#xE07; &#xE40;&#xE2D;&#xE01;&#xE0D;&#xE32;&#xE15;&#xE34;, &#xE41;&#xE1B;&#xE25;.</subfield>
  </datafield>
  <datafield tag="260" ind1=" " ind2=" ">
    <subfield code="a">&#xE01;&#xE23;&#xE38;&#xE07;&#xE40;&#xE17;&#xE1E;&#xE2F; : </subfield>
    <subfield code="b">&#xE2D;&#xE34;&#xE19;&#xE2A;&#xE1B;&#xE32;&#xE22;&#xE23;&#xE4C;, </subfield>
    <subfield code="c">2558.</subfield>
  </datafield>
  <datafield tag="300" ind1=" " ind2=" ">
    <subfield code="a">181 &#xE2B;&#xE19;&#xE49;&#xE32; ;</subfield>
    <subfield code="b"> </subfield>
    <subfield code="c">21 &#xE0B;&#xE21;.</subfield>
  </datafield>
  <datafield tag="650" ind1=" " ind2="4">
    <subfield code="a">&#xE2D;&#xE31;&#xE19;&#xE18;&#xE1E;&#xE32;&#xE25;</subfield>
    <subfield code="9">36768</subfield>
    <subfield code="x">&#xE41;&#xE07;&#xE48;&#xE28;&#xE32;&#xE2A;&#xE19;&#xE32;</subfield>
    <subfield code="x">&#xE04;&#xE23;&#xE34;&#xE2A;&#xE15;&#xE4C;&#xE28;&#xE32;&#xE2A;&#xE19;&#xE32;</subfield>
  </datafield>
  <datafield tag="650" ind1=" " ind2="4">
    <subfield code="a">&#xE04;&#xE27;&#xE32;&#xE21;&#xE23;&#xE38;&#xE19;&#xE41;&#xE23;&#xE07;</subfield>
    <subfield code="9">36769</subfield>
    <subfield code="x">&#xE41;&#xE07;&#xE48;&#xE28;&#xE32;&#xE2A;&#xE19;&#xE32;</subfield>
    <subfield code="x">&#xE04;&#xE23;&#xE34;&#xE2A;&#xE15;&#xE4C;&#xE28;&#xE32;&#xE2A;&#xE19;&#xE32;</subfield>
  </datafield>
  <datafield tag="650" ind1=" " ind2="4">
    <subfield code="a">&#xE04;&#xE19;&#xE1E;&#xE34;&#xE01;&#xE32;&#xE23;</subfield>
    <subfield code="9">36770</subfield>
    <subfield code="x">&#xE01;&#xE32;&#xE23;&#xE14;&#xE33;&#xE40;&#xE19;&#xE34;&#xE19;&#xE0A;&#xE35;&#xE27;&#xE34;&#xE15;</subfield>
  </datafield>
  <datafield tag="700" ind1="1" ind2=" ">
    <subfield code="a">Vujicic, Nick</subfield>
    <subfield code="9">27185</subfield>
  </datafield>
  <datafield tag="700" ind1="0" ind2=" ">
    <subfield code="a">&#xE1E;&#xE25;&#xE2D;&#xE22;&#xE41;&#xE2A;&#xE07; &#xE40;&#xE2D;&#xE01;&#xE0D;&#xE32;&#xE15;&#xE34;</subfield>
    <subfield code="9">21490</subfield>
  </datafield>
  <datafield tag="850" ind1=" " ind2=" ">
    <subfield code="a">NALT</subfield>
  </datafield>
  <datafield tag="942" ind1=" " ind2=" ">
    <subfield code="c">GB</subfield>
    <subfield code="2">lcc</subfield>
  </datafield>
  <datafield tag="996" ind1=" " ind2=" ">
    <subfield code="a">saiphon.d</subfield>
    <subfield code="b">CATSTF	</subfield>
    <subfield code="c">2026-03-11</subfield>
  </datafield>
  <datafield tag="999" ind1=" " ind2=" ">
    <subfield code="c">74797</subfield>
    <subfield code="d">74797</subfield>
  </datafield>
  <datafield tag="998" ind1=" " ind2=" ">
    <subfield code="j">104</subfield>
    <subfield code="k"> &#xE19;&#xE32;&#xE07;&#xE2A;&#xE32;&#xE27;&#xE2A;&#xE32;&#xE22;&#xE1D;&#xE19;  &#xE14;&#xE35;&#xE07;&#xE32;&#xE21;</subfield>
  </datafield>
  <datafield tag="952" ind1=" " ind2=" ">
    <subfield code="0">0</subfield>
    <subfield code="1">0</subfield>
    <subfield code="2">lcc</subfield>
    <subfield code="4">0</subfield>
    <subfield code="7">0</subfield>
    <subfield code="8">CGBL</subfield>
    <subfield code="a">NALT</subfield>
    <subfield code="b">NALT</subfield>
    <subfield code="c">GEN</subfield>
    <subfield code="d">2022-09-08</subfield>
    <subfield code="e">&#xE08;&#xE31;&#xE14;&#xE0B;&#xE37;&#xE49;&#xE2D;&#xE17;&#xE23;&#xE31;&#xE1E;&#xE22;&#xE32;&#xE01;&#xE23;</subfield>
    <subfield code="l">1</subfield>
    <subfield code="o">BT 736.15 &#xE27;889&#xE22; 2558</subfield>
    <subfield code="p">3961203992</subfield>
    <subfield code="r">2024-11-13 00:00:00</subfield>
    <subfield code="s">2024-11-11</subfield>
    <subfield code="w">2017-06-09</subfield>
    <subfield code="y">GB</subfield>
  </datafield>
</record>
